All foreign players St. Johnstone FC - Statistics

General Stats
  • This quiz has been taken 9 times
  • The average score is 14 of 59
Answer Stats
Hint Answer % Correct
David Wotherspoon
78%
Melker Hallberg
67%
Daniel Phillips
56%
Nick Dasovic
56%
Ryan McGowan
56%
Dimitar Mitov
44%
Theo Bair
44%
Eetu Vertainen
33%
Francisco Sandaza
33%
Guy Melamed
33%
Jason Scotland
33%
Maksym Kucheriavyi
33%
Mehdi Abeid
33%
Miguel Simão
33%
Nigel Hasselbaink
33%
Rory Fallon
33%
Sven Sprangler
33%
Arvydas Novikovas
22%
Collin Samuel
22%
Filipe Morais
22%
Goran Stanić
22%
Grégory Tadé
22%
Lars Dendoncker
22%
Madis Vihmann
22%
Momo Sylla
22%
Nadir Çiftçi
22%
Plamen Krachunov
22%
Sanel Jahić
22%
Sergey Baltacha
22%
Tommy Løvenkrands
22%
Viv Solomon-Otabor
22%
Attila Sekerlioglu
11%
Benito Kemble
11%
Bobby McGuinness
11%
Cleveland Taylor
11%
Colin Miller
11%
Daniel McBreen
11%
Danny Invincibile
11%
Davide Xausa
11%
Dominic Kinnear
11%
Dyron Daal
11%
Efe Ambrose
11%
Guðmundur Torfason
11%
Jonatan Johansson
11%
Jörgen Wålemark
11%
Ludovic Roy
11%
Marcus Haber
11%
Mark Paston
11%
Mark Robertson
11%
Matty Willock
11%
Mixu Paatelainen
11%
Peter Enckelman
11%
Rachid Djebaili
11%
Rudi Vata
11%
Sammy Youssouf
11%
Simon Miotto
11%
Thomas Andersson
11%
William Sandford
11%
Zdeněk Zlámal
11%
No matching quizzes found
Score Distribution
Percent of People with Each Score
Percentile by Number Answered
Your Score History
You have not taken this quiz